Statistics for Top 25 Youngsters of 2024 (Soccer)

Click here to take the quiz!

General Stats

  • This quiz has been taken 67 times
  • The average score is 8 of 25

Answer Stats

TopPlayers% Correct
1Jude Bellingham
86%
6Gavi
69%
2Jamal Musiala
68%
13Lamine Yamal
66%
3Pedri
66%
4Bukayo Saka
47%
8Florian Wirtz
47%
18Endrick
41%
19Cole Palmer
37%
7Eduardo Camavinga
37%
14Warren Zaïre-Emery
29%
20Victor Roque
27%
11Xavi Simons
27%
16Alejandro Balde
25%
10Arda Güler
25%
24Rasmus Højlund
20%
12Jérémy Doku
19%
5Joško Gvardiol
15%
23Harvey Elliott
12%
17Nico Williams
5%
22Ryan Gravenberch
5%
15Nuno Mendes
3%
25Levi Colwill
2%
21Roméo Lavia
2%
9Youssoufa Moukoko
0%

Score Distribution

Percentile by Number Answered

Percent of People with Each Score

Your Score History

You have not taken this quiz